Normal view
MARC view
- الاسلام - اهل البيت
Entry Topical Term
001 - CONTROL NUMBER
- control field: 9201
003 - CONTROL NUMBER IDENTIFIER
- control field: JO-AjAnu
005 - DATE AND TIME OF LATEST TRANSACTION
- control field: 20230606071800.0
008 - FIXED-LENGTH DATA ELEMENTS
- fixed length control field: 230606|| aca||aabn | a|a d
040 ## - CATALOGING SOURCE
- Original cataloging agency: JO-AjAnu
- Transcribing agency: JO-AjAnu
150 ## - HEADING--TOPICAL TERM
- Topical term or geographic name entry element: الاسلام - اهل البيت
670 ## - SOURCE DATA FOUND
- Source citation: Work cat.: (JO-AjAnu)4745: السيوطي، جلال الدين؛ تقديم وتحقيق ونعليق محمد زينهم محمد عزب, author 9200, كتاب إحياء فضائل أهل البيت المعروف ب إحياء الميت بفضائل أهل البيت